Central Library OPAC University of Rajshahi

Glimpsing an invisible universe : (Record no. 8434)

MARC details
000 -LEADER
fixed length control field 01004pam a2200277 a 4500
001 - CONTROL NUMBER
control field 8434
003 - CONTROL NUMBER IDENTIFIER
rucl marc code BD-RjUL
005 - DATE AND TIME OF LATEST TRANSACTION
control field 20211208234604.0
008 - FIXED-LENGTH DATA ELEMENTS--GENERAL INFORMATION
fixed length control field 180114s1983 enka b 001 0 eng
020 ## - INTERNATIONAL STANDARD BOOK NUMBER
International Standard Book Number 0521251214
035 ## - SYSTEM CONTROL NUMBER
System control number (BD-RjUL)8479
040 ## - CATALOGING SOURCE
Original cataloging agency DLC
Transcribing agency DLC
Modifying agency DLC
-- BD-RjUL
Language of cataloging eng
041 ## - LANGUAGE CODE
Language code of text/sound track or separate title eng
082 00 - DEWEY DECIMAL CLASSIFICATION NUMBER
Classification number 522.686
Edition number 19
Author mark and year HIG 1983
100 1# - MAIN ENTRY--PERSONAL NAME
Personal name Hirsh, Richard F.
9 (RLIN) 26259
245 10 - TITLE STATEMENT
Title Glimpsing an invisible universe :
Remainder of title the emergence of X-ray astronomy /
Statement of responsibility, etc. Richard F. Hirsh.
260 ## - PUBLICATION, DISTRIBUTION, ETC. (IMPRINT)
Place of publication, distribution, etc. Cambridge [Cambridgeshire] ;
-- New York :
Name of publisher, distributor, etc. Cambridge University Press,
Date of publication, distribution, etc. 1983.
300 ## - PHYSICAL DESCRIPTION
Pagination viii, 186 p. :
Illustrations ill. ;
Size 24 cm.
504 ## - BIBLIOGRAPHY, ETC. NOTE
Bibliography, etc Includes bibliographical references and index.
650 #0 - SUBJECT ADDED ENTRY--TOPICAL TERM
Topical term or geographic name as entry element X-ray astronomy.
9 (RLIN) 26260
856 42 - ELECTRONIC LOCATION AND ACCESS
Materials specified Publisher description
Uniform Resource Identifier <a href="http://www.loc.gov/catdir/description/cam031/82023633.html">http://www.loc.gov/catdir/description/cam031/82023633.html</a>
Materials specified Table of contents only
Uniform Resource Identifier <a href="http://www.loc.gov/catdir/enhancements/fy0906/82023633-t.html">http://www.loc.gov/catdir/enhancements/fy0906/82023633-t.html</a>
942 ## - ADDED ENTRY ELEMENTS (KOHA)
Source of classification or shelving scheme Dewey Decimal Classification
Koha item type Books
Holdings
Lost status Source of classification or shelving scheme Damaged status Not for loan Permanent Location Current Location Shelving location Date acquired Source of acquisition Cost, normal purchase price Total Checkouts Full call number Date last seen Copy number Koha item type
  Dewey Decimal Classification   Not For Loan Central Library, University of Rajshahi Central Library, University of Rajshahi   04/01/1986 Karim International 20.00   522.686 HIG 1983 18/01/2014 C-1 Books